| 000 | 00488nam a2200193 a 4500 | ||
|---|---|---|---|
| 001 | 1768117515766 | ||
| 003 | YourLibrary | ||
| 005 | 20260112125814.0 | ||
| 008 | 260111s1955##################000#0#eng## | ||
| 020 | _a9780486201627 | ||
| 082 | 0 | 4 |
_a302.2223 _bKOC |
| 100 | 1 |
_aKoch, Rudolf, _eauthor. |
|
| 245 | 1 | 0 | _aThe Book of Signs : |
| 260 |
_bCourier Corporation, _c1955. |
||
| 300 | _a114 pages | ||
| 650 | 0 | _aDesign. | |
| 942 | _cENGLISH | ||
| 040 |
_aYourLibrary _beng _cYourLibrary |
||
| 999 |
_c608270 _d608270 |
||